000 01029nam a2200313 a 4500
001 000112604
003 CHAP
005 20220329144314.0
008 160804s2014 mx a |r| ||||||spa d
010 _a109065
011 _a110037
020 _a9786078328048
040 _cCHAP
082 0 4 _a333.952140972
_bE77
245 0 0 _aEspecies acuáticas invasoras en México /
_ccoordinado por Roberto E. Mendoza Alfaro y Patricia Koleff Osorio.
260 _aMéxico, D. .F. :
_bConabio,
_c2014.
300 _a555 p.
590 _aBATCH-UPD
_b05
_c20160804
_lUCH01
_h0904
590 _aE11695DGD
_b10
_c20161018
_lUCH01
_h0947
590 _aE5765TAJ
_b05
_c20160804
_lUCH01
_h0904
650 1 4 _aBiodiversidad acuática
_zMéxico.
_9130996
650 1 4 _aEspecies exóticas invasoras
_zMéxico.
_9130997
650 1 4 _aInvasiones biológicas marinas
_zMéxico.
_9130998
700 1 _aKoleff Osorio, Patricia
_ecoord.
_9131000
700 1 _aMendoza Alfaro, Roberto E.
_ecoord.
_9130999
901 _aBK
942 _cLIBRO
942 _n0
999 _c109065
_d109065